[Event "XtraCon-Skakligaen"]
[Site "Denmark"]
[Date "2011.01.15"]
[Round "4.2"]
[White "Pedersen, Christian Kyndel"]
[Black "Matthiesen, Martin"]
[Result "0-1"]
[WhiteElo "2435"]
[BlackElo "2271"]
[PlyCount "56"]
[EventDate "2010.11.06"]
[EventType "team-tourn"]
[EventRounds "9"]
[WhiteTeam "Jetsmark"]
[BlackTeam "SK1968"]
[WhiteTeamCountry "DEN"]
[BlackTeamCountry "DEN"]

1. Nf3 Nf6 2. c4 e6 3. Nc3 d5 4. d4 Be7 5. Bg5 O-O 6. e3 Nbd7 7. Rc1 c6 8. Bd3
dxc4 9. Bxc4 Nd5 10. Bxe7 Qxe7 11. O-O Nxc3 12. Rxc3 e5 13. Bb3 exd4 14. exd4
Nf6 15. Re1 Qd6 16. Ne5 Be6 17. Bxe6 fxe6 18. Qb3 Rab8 19. Rc4 Nd7 20. Rb4 b5
21. Nxc6 Qxc6 22. Rxe6 Qa8 23. Re7+ Kh8 24. Qg3 Rg8 25. Rxd7 Qe4 26. f4 Qb1+
27. Kf2 Qc2+ 28. Kf3 Qc6+ 0-1

[Event "XtraCon-Skakligaen"]
[Site "Denmark"]
[Date "2011.01.15"]
[Round "4.4"]
[White "Wiwe, Andreas"]
[Black "Bank, Pelle Rodkjaer"]
[Result "1-0"]
[WhiteElo "2255"]
[BlackElo "2245"]
[PlyCount "105"]
[EventDate "2010.11.06"]
[EventType "team-tourn"]
[EventRounds "9"]
[WhiteTeam "Jetsmark"]
[BlackTeam "SK1968"]
[WhiteTeamCountry "DEN"]
[BlackTeamCountry "DEN"]

1. e4 g6 2. d4 Bg7 3. Nc3 c6 4. f4 d5 5. e5 Nh6 6. Nf3 Bg4 7. Be3 f6 8. h3 Bxf3
9. Qxf3 O-O 10. Qe2 Nf5 11. Bf2 Qb6 12. O-O-O Bh6 13. g3 fxe5 14. dxe5 Qa5 15.
Kb1 e6 16. h4 b5 17. Qg4 Rf7 18. h5 g5 19. fxg5 Rg7 20. g6 Nd7 21. Qh3 Bg5 22.
g4 Nh6 23. Bd3 Qb4 24. Rhg1 Nxe5 25. Be3 Nxd3 26. Rxd3 Qe7 27. Bd4 e5 28. Re1
e4 29. Bxg7 Qxg7 30. Nxe4 dxe4 31. Rxe4 Rf8 32. gxh7+ Qxh7 33. Re6 Qf7 34. Rg6+
Kh8 35. Rd1 Qe7 36. Qc3+ Kh7 37. Rxc6 Qe4 38. a3 Rf7 39. Rc5 Rg7 40. Rxb5 Nxg4
41. Rd4 Qh1+ 42. Ka2 Nf6 43. Qd3+ Kh6 44. Rb8 Qxh5 45. Rd6 Qf7+ 46. b3 Rh7 47.
Rb5 Qe7 48. Qf5 Rg7 49. Re6 Qd8 50. Rd5 Qf8 51. Rd1 Rg6 52. Rh1+ Kg7 53. Rg1
1-0

[Event "XtraCon-Skakligaen"]
[Site "Denmark"]
[Date "2011.01.15"]
[Round "4.5"]
[White "Andersen, Lars Ren"]
[Black "Baekgaard, Martin"]
[Result "1/2-1/2"]
[WhiteElo "2132"]
[BlackElo "2263"]
[PlyCount "26"]
[EventDate "2010.11.06"]
[EventType "team-tourn"]
[EventRounds "9"]
[WhiteTeam "SK1968"]
[BlackTeam "Jetsmark"]
[WhiteTeamCountry "DEN"]
[BlackTeamCountry "DEN"]

1. c4 Nf6 2. g3 c6 3. Bg2 d5 4. Qc2 e5 5. d3 Bd6 6. Nf3 O-O 7. O-O h6 8. Nc3 d4
9. Ne4 Nxe4 10. dxe4 c5 11. Nh4 Nc6 12. Nf5 Be6 13. Bd2 a5 1/2-1/2

[Event "XtraCon-Skakligaen"]
[Site "Denmark"]
[Date "2011.01.15"]
[Round "4.6"]
[White "Jensen, Bjarke"]
[Black "Hansen, Bjarne"]
[Result "1-0"]
[WhiteElo "2258"]
[BlackElo "2238"]
[PlyCount "51"]
[EventDate "2010.11.06"]
[EventType "team-tourn"]
[EventRounds "9"]
[WhiteTeam "Jetsmark"]
[BlackTeam "SK1968"]
[WhiteTeamCountry "DEN"]
[BlackTeamCountry "DEN"]

1. e4 Nf6 2. e5 Nd5 3. d4 d6 4. Nf3 c6 5. c4 Nb6 6. exd6 exd6 7. d5 Be7 8. Be2
cxd5 9. cxd5 N8d7 10. a4 Nf6 11. Nc3 O-O 12. h3 Bf5 13. a5 Nbd7 14. a6 Nc5 15.
axb7 Nxb7 16. Nd4 Bd7 17. Nc6 Bxc6 18. dxc6 Na5 19. Qa4 d5 20. Qxa5 Qxa5 21.
Rxa5 d4 22. Nd5 Rfe8 23. Nxf6+ Bxf6 24. Kd1 Re6 25. Bf3 Rae8 26. Bd2 1-0

[Event "XtraCon-Skakligaen"]
[Site "Denmark"]
[Date "2011.01.15"]
[Round "4.7"]
[White "Steffensen, Torben"]
[Black "Helledie, Anders"]
[Result "1/2-1/2"]
[WhiteElo "2174"]
[BlackElo "2220"]
[PlyCount "46"]
[EventDate "2010.11.06"]
[EventType "team-tourn"]
[EventRounds "9"]
[WhiteTeam "SK1968"]
[BlackTeam "Jetsmark"]
[WhiteTeamCountry "DEN"]
[BlackTeamCountry "DEN"]

1. d4 Nf6 2. Nf3 d6 3. c4 g6 4. Nc3 Bg7 5. e4 O-O 6. Be2 e5 7. dxe5 dxe5 8.
Qxd8 Rxd8 9. Bg5 Re8 10. O-O-O Kf8 11. Nd5 Nxd5 12. cxd5 c6 13. Bc4 cxd5 14.
Bxd5 Nd7 15. Nd2 Nf6 16. Bb3 Be6 17. f3 Ng8 18. Kb1 f6 19. Be3 b6 20. Rc1 Bxb3
21. Nxb3 Rac8 22. Rhd1 Ke7 23. a4 Bh6 1/2-1/2

[Event "XtraCon-Skakligaen"]
[Site "Denmark"]
[Date "2011.01.15"]
[Round "4.8"]
[White "Rathlev, Jakob"]
[Black "Sorensen, Kristine Thornvig"]
[Result "0-1"]
[WhiteElo "2258"]
[BlackElo "2113"]
[PlyCount "73"]
[EventDate "2010.11.06"]
[EventType "team-tourn"]
[EventRounds "9"]
[WhiteTeam "Jetsmark"]
[BlackTeam "SK1968"]
[WhiteTeamCountry "DEN"]
[BlackTeamCountry "DEN"]

1. c4 e5 2. g3 Nc6 3. Nc3 g6 4. Bg2 Bg7 5. e4 d6 6. Nge2 Nge7 7. O-O O-O 8. d3
f5 9. Nd5 Nxd5 10. cxd5 Ne7 11. Qb3 Kh8 12. Be3 c6 13. dxc6 bxc6 14. Rac1 Bd7
15. Qa3 Nc8 16. exf5 gxf5 17. f4 Qe8 18. fxe5 dxe5 19. Bc5 Rg8 20. d4 e4 21.
Nf4 Nb6 22. Qe3 Nd5 23. Qe2 Nxf4 24. gxf4 Qg6 25. Kh1 Qh6 26. Rc3 Bf6 27. Qd2
Be6 28. Bd6 Bd5 29. Qe3 Qg7 30. Rc2 Bxd4 31. Qh3 Qg6 32. Be5+ Bxe5 33. fxe5
Raf8 34. Qe3 f4 35. Rxf4 Rxf4 36. Qxf4 e3 37. Re2 0-1

[Event "XtraCon-Skakligaen"]
[Site "Denmark"]
[Date "2011.01.15"]
[Round "4.1"]
[White "Mikkelsen, Nikolaj"]
[Black "Rasmussen, Karsten"]
[Result "0-1"]
[WhiteElo "2416"]
[BlackElo "2451"]
[PlyCount "32"]
[EventDate "2010.11.06"]
[EventType "team-tourn"]
[EventRounds "9"]
[WhiteTeam "BMS"]
[BlackTeam "Aarhus/Skolerne"]
[WhiteTeamCountry "DEN"]
[BlackTeamCountry "DEN"]

1. e4 c6 2. d4 d5 3. Nc3 dxe4 4. Nxe4 Nf6 5. Nxf6+ gxf6 6. Bc4 Bf5 7. Ne2 e6 8.
O-O Bd6 9. Bf4 Qc7 10. Bxd6 Qxd6 11. Ng3 Bg6 12. Qe2 Nd7 13. Rfd1 O-O-O 14. c3
h5 15. Qf3 f5 16. Ne2 Ne5 0-1

[Event "XtraCon-Skakligaen"]
[Site "Denmark"]
[Date "2011.01.15"]
[Round "4.2"]
[White "Skytte, Rasmus"]
[Black "Kristiansen, Jens"]
[Result "0-1"]
[WhiteElo "2409"]
[BlackElo "2421"]
[PlyCount "78"]
[EventDate "2010.11.06"]
[EventType "team-tourn"]
[EventRounds "9"]
[WhiteTeam "Aarhus/Skolerne"]
[BlackTeam "BMS"]
[WhiteTeamCountry "DEN"]
[BlackTeamCountry "DEN"]

1. Nf3 f5 2. c4 Nf6 3. Nc3 e6 4. d4 Bb4 5. Bd2 O-O 6. g3 d6 7. Bg2 Nc6 8. d5
Ne5 9. dxe6 Bxe6 10. b3 c6 11. O-O a5 12. Nd4 Bd7 13. e3 Qe8 14. Nde2 Qh5 15.
f3 Rae8 16. Na4 c5 17. Nb6 Bc6 18. Nf4 Qf7 19. Bxb4 axb4 20. Qxd6 g5 21. Nfd5
Bxd5 22. Nxd5 Nxd5 23. Qxd5 Qxd5 24. cxd5 f4 25. e4 Ra8 26. Rac1 b6 27. Rc2 Rf6
28. g4 Kf8 29. Rd1 Ke7 30. Kf2 Kd6 31. Bf1 h5 32. h3 Rh6 33. gxh5 Rxh5 34. Ke2
Rh7 35. Rdc1 Rha7 36. Ra1 c4 37. bxc4 b3 38. Rd2 Nxc4 39. Rd4 Rxa2+ 0-1

[Event "XtraCon-Skakligaen"]
[Site "Denmark"]
[Date "2011.01.15"]
[Round "4.3"]
[White "Nielsen, Thomas Bach"]
[Black "Sorensen, Jan"]
[Result "0-1"]
[WhiteElo "2227"]
[BlackElo "2411"]
[PlyCount "60"]
[EventDate "2010.11.06"]
[EventType "team-tourn"]
[EventRounds "9"]
[WhiteTeam "BMS"]
[BlackTeam "Aarhus/Skolerne"]
[WhiteTeamCountry "DEN"]
[BlackTeamCountry "DEN"]

1. d4 Nf6 2. c4 c5 3. d5 b5 4. Nf3 Bb7 5. a4 a6 6. axb5 axb5 7. Rxa8 Bxa8 8.
Nc3 Qa5 9. Nd2 b4 10. Nb3 Qb6 11. Na4 Qc7 12. Naxc5 e6 13. Nd3 Qxc4 14. dxe6
fxe6 15. Bf4 Nc6 16. e3 Qd5 17. f3 e5 18. Bg3 e4 19. fxe4 Nxe4 20. Bf4 g5 21.
Bc7 Bg7 22. Qh5+ Ke7 23. Qg4 d6 24. Bb6 Rf8 25. h4 h5 26. Qd1 Ng3 27. Rg1 Nxf1
28. Rxf1 Rxf1+ 29. Kxf1 Ne5 30. Nxe5 Qxd1+ 0-1

[Event "XtraCon-Skakligaen"]
[Site "Denmark"]
[Date "2011.01.15"]
[Round "4.4"]
[White "Christensen, Tobias"]
[Black "Haubro, Sigfred"]
[Result "1/2-1/2"]
[WhiteElo "2366"]
[BlackElo "2190"]
[PlyCount "80"]
[EventDate "2010.11.06"]
[EventType "team-tourn"]
[EventRounds "9"]
[WhiteTeam "Aarhus/Skolerne"]
[BlackTeam "BMS"]
[WhiteTeamCountry "DEN"]
[BlackTeamCountry "DEN"]

1. Nf3 d5 2. c4 e6 3. d4 f5 4. g3 Nf6 5. Bg2 Be7 6. a4 O-O 7. b3 Ne4 8. O-O Nd7
9. Ba3 c6 10. Qc2 a5 11. e3 Kh8 12. Ne1 Bxa3 13. Nxa3 Qe8 14. f3 Nef6 15. Nd3
e5 16. cxd5 Nxd5 17. Rae1 Qe7 18. Nc4 Nb4 19. Nxb4 axb4 20. dxe5 b5 21. axb5
cxb5 22. Nd6 Qxe5 23. f4 Qxd6 24. Bxa8 Nf6 25. Bf3 Be6 26. Qc6 Qxc6 27. Bxc6
Bxb3 28. Bxb5 Bc2 29. Rc1 b3 30. Ba4 Nd5 31. Rfe1 Nb4 32. Re2 b2 33. Rb1 Bxa4
34. Rexb2 Nd5 35. Rb8 Kg8 36. Kf2 Rxb8 37. Rxb8+ Kf7 38. Rb7+ Ne7 39. h3 h5 40.
Rb4 Bc6 1/2-1/2

[Event "XtraCon-Skakligaen"]
[Site "Denmark"]
[Date "2011.01.15"]
[Round "4.5"]
[White "Brondt, Nicolai Kvist"]
[Black "Boe, Mads"]
[Result "1/2-1/2"]
[WhiteElo "2161"]
[BlackElo "2343"]
[PlyCount "101"]
[EventDate "2010.11.06"]
[EventType "team-tourn"]
[EventRounds "9"]
[WhiteTeam "BMS"]
[BlackTeam "Aarhus/Skolerne"]
[WhiteTeamCountry "DEN"]
[BlackTeamCountry "DEN"]

1. Nf3 d5 2. d4 c6 3. c4 e6 4. Nbd2 f5 5. g3 Nf6 6. Bg2 Bd6 7. O-O Nbd7 8. Ne1
O-O 9. Nd3 Qe7 10. Qc2 b6 11. Nf3 Ba6 12. Nfe5 Rfc8 13. Qa4 Bxc4 14. Nxc6 Qe8
15. Nce5 Bxd3 16. Nxd7 Bxe2 17. Nxf6+ gxf6 18. Qxe8+ Rxe8 19. Re1 Bb5 20. Bf4
Bxf4 21. gxf4 Rac8 22. a4 Bd7 23. a5 b5 24. Bf1 Rc2 25. Rab1 b4 26. Bd3 Rc7 27.
Rbc1 Rec8 28. Rxc7 Rxc7 29. Kf1 Kf7 30. Ke2 Ba4 31. Kd2 Bb3 32. Rg1 Rc8 33. h4
h6 34. Rc1 Rxc1 35. Kxc1 Bc4 36. Bc2 Be2 37. Kd2 Bf3 38. Ba4 Ke7 39. Kc2 e5 40.
fxe5 fxe5 41. dxe5 Ke6 42. Kd3 Kxe5 43. Ke3 Bh5 44. f4+ Kd6 45. Kd4 Bf3 46. Bc2
Be4 47. Ba4 Bg2 48. Bc2 Be4 49. Ba4 Bf3 50. Bc2 Be4 51. Ba4 1/2-1/2

[Event "XtraCon-Skakligaen"]
[Site "Denmark"]
[Date "2011.01.15"]
[Round "4.6"]
[White "Rendboe, John Filip"]
[Black "Akdag, Dara Sevkan"]
[Result "1-0"]
[WhiteElo "2280"]
[BlackElo "2174"]
[PlyCount "140"]
[EventDate "2010.11.06"]
[EventType "team-tourn"]
[EventRounds "9"]
[WhiteTeam "Aarhus/Skolerne"]
[BlackTeam "BMS"]
[WhiteTeamCountry "DEN"]
[BlackTeamCountry "DEN"]

1. d4 Nf6 2. c4 c5 3. d5 e6 4. Nc3 exd5 5. cxd5 g6 6. Nf3 d6 7. g3 Bg7 8. Bg2
O-O 9. O-O a6 10. a4 Re8 11. Re1 Ng4 12. h3 Ne5 13. Nxe5 Bxe5 14. e4 Nd7 15.
Qc2 Rb8 16. a5 Bg7 17. Nd1 f5 18. Ne3 fxe4 19. Nc4 Ne5 20. Nxe5 Bxe5 21. Bd2
Qf6 22. Bc3 Bf5 23. g4 Bd7 24. Rxe4 b5 25. axb6 Rxb6 26. Rae1 Reb8 27. Bxe5
dxe5 28. Qxc5 Rxb2 29. Rxe5 Rc8 30. Qd4 Qb6 31. Qxb6 Rxb6 32. Re7 Bb5 33. Ra7
Rf6 34. Ree7 Rc1+ 35. Kh2 Rxf2 36. Rg7+ Kf8 37. Rxh7 Kg8 38. Rhg7+ Kf8 39. Rh7
Kg8 40. Rhg7+ Kf8 41. Kg3 Rf6 42. Kh4 Be8 43. Rgc7 Re1 44. Rc2 Re5 45. Rd2 g5+
46. Kg3 Re3+ 47. Kh2 Re7 48. Ra8 Rd6 49. Ra2 Red7 50. R2xa6 Ke7 51. Ra2 Bf7 52.
Re2+ Kf6 53. Rf2+ Kg6 54. Be4+ Kh6 55. Rd2 Kg7 56. Ra5 Kf6 57. Rf2+ Ke5 58. Bg2
Bg6 59. Ra3 Kd4 60. Ra4+ Ke5 61. Rc4 Bd3 62. Rc3 Kd4 63. Rc6 Be4 64. Rxd6 Rxd6
65. Rd2+ Ke3 66. Rd1 Ke2 67. Rd4 Bg6 68. Rc4 Bf7 69. Re4+ Kd3 70. Re5 Rg6 1-0

[Event "XtraCon-Skakligaen"]
[Site "Denmark"]
[Date "2011.01.15"]
[Round "4.7"]
[White "Rostgaard, Tobias Valentin"]
[Black "Jacobsen, Bo"]
[Result "1-0"]
[WhiteElo "2126"]
[BlackElo "2317"]
[PlyCount "61"]
[EventDate "2010.11.06"]
[EventType "team-tourn"]
[EventRounds "9"]
[WhiteTeam "BMS"]
[BlackTeam "Aarhus/Skolerne"]
[WhiteTeamCountry "DEN"]
[BlackTeamCountry "DEN"]

1. d4 Nf6 2. c4 c5 3. Nf3 cxd4 4. Nxd4 Nc6 5. Nc3 d6 6. g3 Qb6 7. Nc2 a6 8. Bg2
Qc5 9. b3 Qh5 10. Nd5 Nxd5 11. Qxd5 Qxd5 12. cxd5 Ne5 13. Bb2 Nd7 14. Ne3 Nf6
15. O-O g6 16. Bxf6 exf6 17. Nc4 Rb8 18. Nb6 Be7 19. Rac1 Bd7 20. Nxd7 Kxd7 21.
Bh3+ Ke8 22. Rc8+ Rxc8 23. Bxc8 b6 24. Bxa6 Kd7 25. Bb5+ Kc7 26. Rc1+ Kb7 27.
Rc4 f5 28. Bc6+ Kc7 29. Ra4 Bf6 30. Ra7+ Kc8 31. Rxf7 1-0

[Event "XtraCon-Skakligaen"]
[Site "Denmark"]
[Date "2011.01.15"]
[Round "4.8"]
[White "Rewitz, Poul"]
[Black "Pedersen, Sven"]
[Result "1-0"]
[WhiteElo "2296"]
[BlackElo "2116"]
[PlyCount "111"]
[EventDate "2010.11.06"]
[EventType "team-tourn"]
[EventRounds "9"]
[WhiteTeam "Aarhus/Skolerne"]
[BlackTeam "BMS"]
[WhiteTeamCountry "DEN"]
[BlackTeamCountry "DEN"]

1. e4 c5 2. b4 cxb4 3. a3 e6 4. axb4 Bxb4 5. c3 Be7 6. d4 d5 7. e5 Bd7 8. Bd3
Nc6 9. h4 Qc7 10. Qg4 g6 11. h5 Nxe5 12. dxe5 Qxe5+ 13. Qe2 Qxe2+ 14. Nxe2 Bf6
15. Na3 Ne7 16. hxg6 hxg6 17. Rxh8+ Bxh8 18. Nb5 Bxb5 19. Bxb5+ Nc6 20. Bxc6+
bxc6 21. Ra6 c5 22. Be3 Rc8 23. Rxa7 Bf6 24. Ra5 Be7 25. f4 f6 26. Ra6 Kf7 27.
Ra7 Ke8 28. Ng1 Rb8 29. Nf3 Rb2 30. Ra8+ Kf7 31. g4 Rb3 32. Kd2 Rb2+ 33. Kd1
Rb1+ 34. Bc1 Rb7 35. Rc8 Bd6 36. g5 Rc7 37. Rh8 Kg7 38. Rh6 d4 39. Nh4 fxg5 40.
fxg5 Bg3 41. Rxg6+ Kf8 42. Rf6+ Rf7 43. Ng6+ Kg7 44. Nf4 Rxf6 45. gxf6+ Kf7 46.
c4 Bh2 47. Ke2 Kxf6 48. Kf3 Kf5 49. Nd3 Bd6 50. Nf2 e5 51. Ba3 Bf8 52. Ne4 Be7
53. Bxc5 Bxc5 54. Nxc5 e4+ 55. Nxe4 Ke5 56. Nd2 1-0

[Event "XtraCon-Skakligaen"]
[Site "Denmark"]
[Date "2011.01.16"]
[Round "5.1"]
[White "Rasmussen, Karsten"]
[Black "Aagaard, Jacob"]
[Result "0-1"]
[WhiteElo "2451"]
[BlackElo "2534"]
[PlyCount "42"]
[EventDate "2010.11.06"]
[EventType "team-tourn"]
[EventRounds "9"]
[WhiteTeam "Aarhus/Skolerne"]
[BlackTeam "Sydostfyn"]
[WhiteTeamCountry "DEN"]
[BlackTeamCountry "DEN"]

1. Nf3 d5 2. d4 c5 3. c4 e6 4. e3 Nf6 5. Nc3 a6 6. cxd5 exd5 7. Be2 Nc6 8. O-O
Bd6 9. dxc5 Bxc5 10. b3 O-O 11. Bb2 Re8 12. Rc1 Ba7 13. Qd3 Bg4 14. Rfd1 Qe7
15. Na4 Ne4 16. a3 Nxf2 17. Kxf2 Bxe3+ 18. Kf1 Bxf3 19. Bxf3 Qh4 20. Rc2 Qxh2
21. Ke2 Bd4+ 0-1

[Event "XtraCon-Skakligaen"]
[Site "Denmark"]
[Date "2011.01.16"]
[Round "5.2"]
[White "Schandorff, Lars"]
[Black "Skytte, Rasmus"]
[Result "1-0"]
[WhiteElo "2488"]
[BlackElo "2409"]
[PlyCount "63"]
[EventDate "2010.11.06"]
[EventType "team-tourn"]
[EventRounds "9"]
[WhiteTeam "Sydostfyn"]
[BlackTeam "Aarhus/Skolerne"]
[WhiteTeamCountry "DEN"]
[BlackTeamCountry "DEN"]

1. d4 Nf6 2. c4 c5 3. d5 b5 4. cxb5 a6 5. bxa6 g6 6. Nc3 Bxa6 7. g3 d6 8. Bg2
Bg7 9. Nf3 Nfd7 10. O-O Nb6 11. Qc2 N8d7 12. Rd1 O-O 13. Rb1 Nc4 14. Bh3 Bc8
15. b3 Na3 16. Bxa3 Rxa3 17. Nb5 Ra8 18. a4 Ba6 19. b4 Nb6 20. bxc5 dxc5 21. e4
Bc8 22. Bxc8 Qxc8 23. Na7 Qa6 24. Nc6 e6 25. Rb5 exd5 26. exd5 Qxa4 27. Rxc5
Qg4 28. Qb3 Nd7 29. Rc4 Qh5 30. Rh4 Nc5 31. Ne7+ Kh8 32. Qe3 1-0

[Event "XtraCon-Skakligaen"]
[Site "Denmark"]
[Date "2011.01.16"]
[Round "5.3"]
[White "Sorensen, Jan"]
[Black "Brunello, Sabino"]
[Result "1/2-1/2"]
[WhiteElo "2411"]
[BlackElo "2544"]
[PlyCount "124"]
[EventDate "2010.11.06"]
[EventType "team-tourn"]
[EventRounds "9"]
[WhiteTeam "Aarhus/Skolerne"]
[BlackTeam "Sydostfyn"]
[WhiteTeamCountry "DEN"]
[BlackTeamCountry "DEN"]

1. e4 c6 2. d4 d5 3. exd5 cxd5 4. c4 Nf6 5. Nc3 e6 6. Nf3 Bb4 7. cxd5 Nxd5 8.
Qc2 Nc6 9. Be2 Nce7 10. O-O Bd7 11. Nxd5 Nxd5 12. Ne5 Bd6 13. Qe4 Bxe5 14. dxe5
Bc6 15. Qg4 Qc7 16. Qg3 Ne7 17. b4 Nf5 18. Qc3 Rd8 19. Be3 Nxe3 20. Qxe3 O-O
21. Rfd1 Rxd1+ 22. Rxd1 a5 23. b5 Bd5 24. Rc1 Qe7 25. a3 f6 26. exf6 Qxf6 27.
Re1 Rc8 28. Rc1 Rxc1+ 29. Qxc1 Qe5 30. Bf1 Kf7 31. Qd2 b6 32. Qc2 h6 33. Qd2
Ke7 34. Qc2 Kd7 35. Qg6 Qf6 36. Qg3 e5 37. Qd3 Qd6 38. h4 Ke7 39. Qh3 Bf7 40.
Qf3 Be8 41. Qg4 g6 42. Qg3 Kf6 43. Qe3 Kg7 44. Qg3 Bf7 45. Qc3 g5 46. hxg5 hxg5
47. Qe3 Kf6 48. Qf3+ Ke7 49. Qb7+ Kf8 50. Qc8+ Kg7 51. Qc3 Qd4 52. Qc2 Kf6 53.
Qc6+ Kg7 54. Qc1 Kf6 55. Qc6+ Ke7 56. Qc7+ Kf8 57. Qc8+ Kg7 58. Qf5 Qf4 59. Qd7
Qd4 60. Qf5 Qf4 61. Qd7 Qd4 62. Qf5 Qf4 1/2-1/2

[Event "XtraCon-Skakligaen"]
[Site "Denmark"]
[Date "2011.01.16"]
[Round "5.4"]
[White "Shaw, John"]
[Black "Christensen, Tobias"]
[Result "1-0"]
[WhiteElo "2439"]
[BlackElo "2366"]
[PlyCount "77"]
[EventDate "2010.11.06"]
[EventType "team-tourn"]
[EventRounds "9"]
[WhiteTeam "Sydostfyn"]
[BlackTeam "Aarhus/Skolerne"]
[WhiteTeamCountry "DEN"]
[BlackTeamCountry "DEN"]

1. e4 c6 2. d4 d5 3. e5 Na6 4. Nd2 Nc7 5. Ngf3 g6 6. Be2 Bg7 7. O-O h5 8. Re1
Nh6 9. Nb3 Nf5 10. h3 b6 11. Bf4 Ne6 12. Bh2 Bh6 13. c4 Ba6 14. cxd5 Bxe2 15.
Qxe2 Qxd5 16. Rad1 O-O 17. g4 Nfg7 18. Rd3 Rac8 19. Qe4 Rfd8 20. Rc3 Qxe4 21.
Rxe4 Rd7 22. Re2 Rdc7 23. Rec2 Bf4 24. Bg3 Bxg3 25. fxg3 hxg4 26. hxg4 f5 27.
gxf5 Nxf5 28. Kf2 Nh6 29. Kg2 Kg7 30. d5 cxd5 31. Ng5 Nc5 32. Nxc5 Rxc5 33.
Ne6+ Kf7 34. Nxc5 bxc5 35. Rxc5 Rxc5 36. Rxc5 Ke6 37. Ra5 Kxe5 38. Rxa7 e6 39.
a4 1-0

[Event "XtraCon-Skakligaen"]
[Site "Denmark"]
[Date "2011.01.16"]
[Round "5.5"]
[White "Boe, Mads"]
[Black "Pedersen, Steffen"]
[Result "1/2-1/2"]
[WhiteElo "2343"]
[BlackElo "2417"]
[PlyCount "51"]
[EventDate "2010.11.06"]
[EventType "team-tourn"]
[EventRounds "9"]
[WhiteTeam "Aarhus/Skolerne"]
[BlackTeam "Sydostfyn"]
[WhiteTeamCountry "DEN"]
[BlackTeamCountry "DEN"]

1. d4 c5 2. c3 cxd4 3. cxd4 d5 4. Nc3 Nf6 5. Nf3 Nc6 6. Bf4 a6 7. a3 e6 8. e3
Be7 9. Bd3 Bd7 10. Ne5 O-O 11. O-O Be8 12. Rc1 Rc8 13. Nxc6 Rxc6 14. Qb3 Nh5
15. Be5 f6 16. Bg3 Nxg3 17. hxg3 f5 18. Na4 Rxc1 19. Rxc1 Bxa4 20. Qxa4 Bd6 21.
Qb3 Rf7 22. Qc3 Rc7 23. Qd2 Rxc1+ 24. Qxc1 Qc7 25. Qxc7 Bxc7 26. f4 1/2-1/2

[Event "XtraCon-Skakligaen"]
[Site "Denmark"]
[Date "2011.01.16"]
[Round "5.6"]
[White "Borbjerggaard, Lars"]
[Black "Rendboe, John Filip"]
[Result "1/2-1/2"]
[WhiteElo "2338"]
[BlackElo "2280"]
[PlyCount "35"]
[EventDate "2010.11.06"]
[EventType "team-tourn"]
[EventRounds "9"]
[WhiteTeam "Sydostfyn"]
[BlackTeam "Aarhus/Skolerne"]
[WhiteTeamCountry "DEN"]
[BlackTeamCountry "DEN"]

1. d4 Nf6 2. Nf3 d5 3. c4 c6 4. cxd5 cxd5 5. Nc3 Nc6 6. Bf4 Bf5 7. Rc1 e6 8.
Qb3 Qb6 9. Qxb6 axb6 10. e3 Be7 11. Bb5 O-O 12. Ke2 Ne4 13. a3 Nd6 14. Bxd6
Bxd6 15. Nd2 Rfc8 16. Bd3 Bxd3+ 17. Kxd3 Kf8 18. Rc2 1/2-1/2

[Event "XtraCon-Skakligaen"]
[Site "Denmark"]
[Date "2011.01.16"]
[Round "5.7"]
[White "Jacobsen, Bo"]
[Black "Nordenbaek, Jan"]
[Result "1/2-1/2"]
[WhiteElo "2317"]
[BlackElo "2271"]
[PlyCount "44"]
[EventDate "2010.11.06"]
[EventType "team-tourn"]
[EventRounds "9"]
[WhiteTeam "Aarhus/Skolerne"]
[BlackTeam "Sydostfyn"]
[WhiteTeamCountry "DEN"]
[BlackTeamCountry "DEN"]

1. c4 Nf6 2. g3 e6 3. Bg2 d5 4. Nf3 Be7 5. O-O O-O 6. d4 dxc4 7. Qc2 a6 8. a4
c5 9. Rd1 Nc6 10. e3 Rb8 11. Qxc4 b5 12. axb5 axb5 13. Qe2 Qb6 14. Nc3 Rd8 15.
dxc5 Rxd1+ 16. Qxd1 Bxc5 17. Bd2 Bd7 18. Be1 Be8 19. Qb1 h6 20. h3 Nb4 21. Ne4
Nxe4 22. Qxe4 Bc6 1/2-1/2

[Event "XtraCon-Skakligaen"]
[Site "Denmark"]
[Date "2011.01.16"]
[Round "5.8"]
[White "Lauridsen, Jesper Morch"]
[Black "Rewitz, Poul"]
[Result "1/2-1/2"]
[WhiteElo "2298"]
[BlackElo "2296"]
[PlyCount "112"]
[EventDate "2010.11.06"]
[EventType "team-tourn"]
[EventRounds "9"]
[WhiteTeam "Sydostfyn"]
[BlackTeam "Aarhus/Skolerne"]
[WhiteTeamCountry "DEN"]
[BlackTeamCountry "DEN"]

1. e4 c6 2. d4 d5 3. exd5 cxd5 4. c4 Nf6 5. Nc3 Nc6 6. Nf3 Bg4 7. cxd5 Nxd5 8.
Qb3 Bxf3 9. gxf3 e6 10. Qxb7 Nxd4 11. Bb5+ Nxb5 12. Qc6+ Ke7 13. Qxb5 Qd7 14.
Nxd5+ Qxd5 15. Bg5+ f6 16. Qxd5 exd5 17. Be3 Ke6 18. O-O-O Bb4 19. Kb1 Rhd8 20.
Rd3 Rd7 21. Rc1 Rad8 22. Rc6+ Rd6 23. Rxd6+ Bxd6 24. h3 Rd7 25. Kc2 g5 26. Rb3
Be5 27. Kd3 h5 28. a4 a6 29. a5 Rd6 30. Rb7 Rc6 31. Bd4 h4 32. b4 Rc4 33. Bc5
Rc3+ 34. Kd2 Rxf3 35. b5 axb5 36. a6 d4 37. Ke2 Rc3 38. a7 Rc2+ 39. Kd3 Ra2 40.
Rxb5 g4 41. Rb2 Ra5 42. Rb8 gxh3 43. a8=Q Rxa8 44. Rxa8 Kf5 45. Bxd4 h2 46. Ra1
Kg4 47. Bxe5 fxe5 48. Ke2 Kh3 49. Kf3 e4+ 50. Kxe4 Kg2 51. f4 h3 52. f5 h1=Q
53. Rxh1 Kxh1 54. f6 h2 55. f7 Kg1 56. f8=Q h1=Q+ 1/2-1/2

[Event "XtraCon-Skakligaen"]
[Site "Denmark"]
[Date "2011.01.16"]
[Round "5.1"]
[White "Nilsson, Sebastian"]
[Black "Hector, Jonny"]
[Result "1/2-1/2"]
[WhiteElo "2344"]
[BlackElo "2576"]
[PlyCount "77"]
[EventDate "2010.11.06"]
[EventType "team-tourn"]
[EventRounds "9"]
[WhiteTeam "K41"]
[BlackTeam "Nordkalotten"]
[WhiteTeamCountry "DEN"]
[BlackTeamCountry "DEN"]

1. e4 e5 2. Nf3 Nc6 3. Bc4 Nf6 4. Ng5 d5 5. exd5 Na5 6. Bb5+ Bd7 7. Qe2 Be7 8.
Nf3 O-O 9. Nxe5 Bxb5 10. Qxb5 Nxd5 11. Qxa5 Bb4 12. Qb5 Re8 13. O-O Rxe5 14. d4
Rh5 15. Qe2 Qh4 16. h3 Bd6 17. c4 Nf4 18. Qf3 Ne6 19. Be3 f5 20. c5 Bf8 21.
Qxb7 Rd8 22. Qb3 Qf6 23. d5 Nxc5 24. Bxc5 Bxc5 25. d6+ Qf7 26. dxc7 Rc8 27.
Qxf7+ Kxf7 28. Nd2 Rxc7 29. Rac1 Rh6 30. b4 Bd6 31. Rxc7+ Bxc7 32. Nc4 Rh4 33.
Rc1 Rd4 34. Ne3 Bf4 35. g3 Bxe3 36. fxe3 Rxb4 37. Rc7+ Kf6 38. Rxa7 Rb2 39. Kf1
1/2-1/2

[Event "XtraCon-Skakligaen"]
[Site "Denmark"]
[Date "2011.01.16"]
[Round "5.2"]
[White "Brynell, Stellan"]
[Black "Nilssen, John Arni"]
[Result "1-0"]
[WhiteElo "2492"]
[BlackElo "2364"]
[PlyCount "83"]
[EventDate "2010.11.06"]
[EventType "team-tourn"]
[EventRounds "9"]
[WhiteTeam "Nordkalotten"]
[BlackTeam "K41"]
[WhiteTeamCountry "DEN"]
[BlackTeamCountry "DEN"]

1. d4 Nf6 2. c4 e6 3. Nf3 b6 4. Nc3 Bb7 5. a3 d5 6. cxd5 exd5 7. Bf4 Be7 8.
Qa4+ c6 9. e3 O-O 10. Be2 a5 11. Ne5 Qe8 12. O-O Na6 13. Rac1 Bd8 14. h3 Nc7
15. Rfd1 Ne6 16. Bh2 g6 17. Qb3 Kg7 18. Nf3 b5 19. Bd6 Be7 20. Bxe7 Qxe7 21.
Ne5 Rab8 22. Nd3 Ba6 23. Ne5 Rfc8 24. Qa2 Bb7 25. Bf1 h5 26. Qb1 b4 27. axb4
Qxb4 28. Bd3 Nf8 29. Ne2 Ba8 30. Rc2 c5 31. dxc5 Rxc5 32. Rxc5 Qxc5 33. Nd4 Qd6
34. Nef3 Qb4 35. b3 N8d7 36. Rc1 Ne4 37. Qa1 Kg8 38. Rc7 Nec5 39. Bf5 Nf8 40.
Bxg6 Nxg6 41. Nf5 Ne6 42. Qf6 1-0